|
|
|
|
| LEADER |
01181nam a2200313 a 4500 |
| 001 |
5734 |
| 003 |
BD-DhAAL |
| 005 |
20150206112815.0 |
| 008 |
130912s1989 caua b 001 0 eng |
| 010 |
|
|
|a 88036233
|
| 020 |
|
|
|a 0803934300
|
| 020 |
|
|
|a 0803934319 (pbk.)
|
| 040 |
|
|
|a DLC
|c DLC
|d DLC
|d OCoLC
|d DLC
|d BD-DhAAL
|
| 050 |
0 |
0 |
|a H62
|b .C5859 1989
|
| 082 |
0 |
0 |
|a 300/.72
|2 19
|
| 100 |
1 |
|
|a Cooper, Harris M.
|9 3017
|
| 245 |
1 |
0 |
|a Integrating research :
|b a guide for literature reviews /
|c Harris M. Cooper.
|
| 250 |
|
|
|a 2nd ed.
|
| 260 |
|
|
|a Newbury Park, Calif. :
|b Sage Publications,
|c c1989.
|
| 300 |
|
|
|a 157 p. :
|b ill. ;
|c 23 cm.
|
| 490 |
|
0 |
|a Applied social research methods series ;
|v v. 2
|
| 500 |
|
|
|a Rev. ed. of: The integrative research review. c1984.
|
| 504 |
|
|
|a Includes indexes and bibliographical references (p. 147-151).
|
| 541 |
|
|
|e 5734
|
| 650 |
|
0 |
|a Social sciences
|x Research.
|9 3018
|
| 740 |
0 |
|
|a Literature reviews.
|
| 942 |
|
|
|2 ddc
|c BK
|
| 999 |
|
|
|c 13953
|d 13953
|
| 952 |
|
|
|0 0
|1 0
|2 ddc
|4 0
|6 300_720000000000000_COO
|7 0
|9 23379
|a BRACUL
|b BRACUL
|c GEN
|d 2013-09-12
|g 0.00
|l 3
|m 1
|o 300.72 COO
|p 3010005734
|r 2022-12-01
|s 2022-07-05
|t 1
|w 2013-09-12
|y BK
|z Not price in Register
|